Tercera edad /

La crisis económica mundial desde el punto de vista de Bernardo Kliksberg. El economista argentino reflexiona, en veinticinco capítulos, sobre la exclusión, la reconstrucción del Estado, la idea del capital social, la ética, la construcción de una economía con rostro humano, entre otros temas. Una m...

Descripción completa

Guardado en:
Autor Principal: Kliksberg, Bernardo
Autor Corporativo: Canal Encuentro.
Formato: Deslizar
Publicado: Argentina, 2012.
Series:El informe Kliksberg: Escándalos Éticos
DVD 1
Materias:
Acceso en línea:https://www.educ.ar/recursos/103700/tercera-edad
Etiquetas: Agregar Etiqueta
Sin Etiquetas, Sea el primero en etiquetar este registro!
LEADER 01438ngm a22003735g 4500
001 CEM.cems023780
008 130507s2012##################0###0#####d
005 20250702145139.0
245 1 0 |a Tercera edad /  |c Bernardo Kliksberg. 
260 |a Argentina,  |c 2012. 
300 |a 27'. 
490 0 |a El informe Kliksberg: Escándalos Éticos 
490 1 |a DVD 1 
520 |a La crisis económica mundial desde el punto de vista de Bernardo Kliksberg. El economista argentino reflexiona, en veinticinco capítulos, sobre la exclusión, la reconstrucción del Estado, la idea del capital social, la ética, la construcción de una economía con rostro humano, entre otros temas. Una mirada estadística y positiva para conocer soluciones posibles. 
538 |a Soporte: DVD - Color: Si - Grabación DRD. 
500 |a Consultar en ventanilla. 
100 1 |a Kliksberg, Bernardo 
710 2 |a Canal Encuentro. 
082 3 0 |/ KLI-1 
653 |a SOCIEDAD 
653 |a ESTADO 
653 |a ECONOMIA 
653 |a ECONOMIA POLÍTICA 
653 |a POLITICA 
653 |a ANCIANIDAD 
653 |a VEJEZ 
653 |a TERCERA EDAD 
653 |a SEGURIDAD SOCIAL 
653 |a JUBILACIONES Y PENSIONES 
653 |a JUBILADOS 
653 |a ADULTOS MAYORES 
653 |a SERIE DE TELEVISIÓN 
856 |u https://www.educ.ar/recursos/103700/tercera-edad 
859 |a CEMS  |b BIB. CEMS - Depto. Recursos Didacticos  |h 301  |i KLI-1  |k DRD  |p 2423.15  |t Ej.1